Mirar la práctica docente desde los valores /

La presente obra ofrece los resultados de una investigación etnográfica en diversas escuelas primarias públicas de León, Guanajuato cuyo objetivo ha sido identificar los valores que los profesores transmiten a sus alumnos mediante las normas de clase, el trato maestro-alumno, así como en los conteni...

وصف كامل

محفوظ في:
التفاصيل البيبلوغرافية
المؤلف الرئيسي: Fierro Evans, Cecilia (autor)
مؤلفون آخرون: Carbajal, Patricia (autor) (autor)
التنسيق: كتاب
اللغة:الإسبانية
منشور في: Barcelona, España León, México : Gedisa ; Universidad Iberoamericana, Plantel León, 2003, c2003
سلاسل:(Biblioteca de Educación. Pedagogía de los Valores ; 5)
الموضوعات:
الوسوم: إضافة وسم
لا توجد وسوم, كن أول من يضع وسما على هذه التسجيلة!

MARC

LEADER 00000nam^a2200000^a^4500
001 000153083
005 20250521000000.0
009 20260310100305.771
020 |a 84-7432-991-4 
037 |a Acervo ITESO - Biblioteca 
041 |a ESP 
082 |a 370. 780725  |b FIE 
100 |a Fierro Evans, Cecilia  |e (autor) 
245 1 0 |a Mirar la práctica docente desde los valores /  |c C. Fierro Evans, P. Carbajal. 
264 4 |a Barcelona, España  |b Gedisa ;  |a León, México :  |b Universidad Iberoamericana, Plantel León,  |c 2003, c2003 
300 |a 301 p. 
336 |a texto  |b txt  |2 rdacontenido 
337 |a sin mediación  |b n  |2 rdamedio 
338 |a volumen  |b nc  |2 rdasoporte 
440 1 |a (Biblioteca de Educación.  |p Pedagogía de los Valores ;  |v 5) 
520 |a La presente obra ofrece los resultados de una investigación etnográfica en diversas escuelas primarias públicas de León, Guanajuato cuyo objetivo ha sido identificar los valores que los profesores transmiten a sus alumnos mediante las normas de clase, el trato maestro-alumno, así como en los contenidos curriculares de las instituciones educativas seleccionadas. 
649 |a XX 
650 |a Profesores 
650 |a Conducta de Vida 
650 |a Etica 
650 |a Axiología 
650 |a Comportamiento del Profesor 
650 |a Motivación 
650 |a Madurez 
650 |a Cambio de Actitud 
650 |a Modificación de Conducta 
650 |a Comportamiento del Alumno 
650 |a Comportamiento de la Clase 
650 |a Conducta Grupal 
650 |a Grupos Escolares 
650 |a Grupos Sociales 
650 |a Interacción Comunicativa 
650 |a Interacción en la Educación 
650 |a Relaciones Maestro-Alumno 
650 |a Participación en Clase 
650 |a Comunicación Educativa 
650 |a Didáctica 
650 |a Metodología Educativa 
650 |a Práctica Educativa 
650 |a Proceso Educativo 
650 |a Finalidades de la Educación 
650 |a Axiología de la Educación 
650 |a Educación Primaria -  |z León, Guanajuato -  |x Investigación 
650 |a Educación Primaria -  |z México -  |x Investigación 
650 |a Educación Pública -  |z León, Guanajuato 
650 |a Educación Pública -  |z México 
650 |a Educación Formal -  |z León, Guanajuato -  |x Investigación 
650 |a Educación Formal -  |z México -  |x Investigación 
650 |a Investigación Educativa 
650 |a Etnografía 
650 |a Metodología Cualitativa 
650 |a Educación y Sociedad 
700 |a Carbajal, Patricia  |e (autor) 
910 |a Fondo General 
920 |a Impresos - Libros 
930 |a Colección General 
905 |a 101 
901 |a 0500081547  |b IT1  |c ACC  |u 20250521 
901 |a 0500116992  |b IT1  |c ACC  |u 20250521 
902 |a https://opac.biblio.iteso.mx/vufind/Record/000153083